The merciful God of prophecy : (Record no. 10073)
[ view plain ]
| 000 -LEADER | |
|---|---|
| fixed length control field | 01084cam a22003134a 4500 |
| 001 - CONTROL NUMBER | |
| control field | 49519050 |
| 003 - CONTROL NUMBER IDENTIFIER | |
| control field | OCoLC |
| 005 - DATE AND TIME OF LATEST TRANSACTION | |
| control field | 20241126110724.0 |
| 008 - FIXED-LENGTH DATA ELEMENTS--GENERAL INFORMATION | |
| fixed length control field | 020326s2002 nyu 000 0 eng |
| 010 ## - | |
| -- | 2002025890 |
| 020 ## - INTERNATIONAL STANDARD BOOK NUMBER | |
| International Standard Book Number | 0446530247 |
| 020 ## - INTERNATIONAL STANDARD BOOK NUMBER | |
| International Standard Book Number | 9780446530248 |
| 035 ## - SYSTEM CONTROL NUMBER | |
| System control number | (OCoLC)49519050 |
| 040 ## - CATALOGING SOURCE | |
| Original cataloging agency | DLC |
| Transcribing agency | DLC |
| Modifying agency | BAKER |
| -- | BTCTA |
| -- | YDXCP |
| -- | ZE3 |
| 042 ## - | |
| -- | pcc |
| 050 00 - | |
| -- | BS649.E63 |
| -- | L345 2002 |
| 082 00 - DEWEY DECIMAL CLASSIFICATION NUMBER | |
| Classification number | 231.745 |
| Edition information | 21 |
| Item number | LAH |
| 092 ## - LOCALLY ASSIGNED DEWEY CALL NUMBER (OCLC) | |
| Classification number | 231.745 |
| Item number | L183 |
| 100 1# - MAIN ENTRY--PERSONAL NAME | |
| Personal name | LaHaye, Tim F. |
| 9 (RLIN) | 1025 |
| 245 14 - TITLE STATEMENT | |
| Title | The merciful God of prophecy : |
| Remainder of title | his loving plan for you in the end times / |
| Statement of responsibility, etc. | Tim LaHaye. |
| 260 ## - PUBLICATION, DISTRIBUTION, ETC. | |
| Place of publication, distribution, etc. | New York : |
| Name of publisher, distributor, etc. | Warner Books, |
| Date of publication, distribution, etc. | 2002. |
| 300 ## - PHYSICAL DESCRIPTION | |
| Extent | xiv, 301 p. 24 cm. |
| 520 ## - SUMMARY, ETC. | |
| Summary, etc. | God of judgment ? or God of mercy?. The author surveys hundreds of biblical portents and reveals the patterns in which they came to fruition. |
| 630 00 - SUBJECT ADDED ENTRY--UNIFORM TITLE | |
| Uniform title | Bible |
| General subdivision | Prophecies |
| -- | End of the world. |
| 9 (RLIN) | 2005 |
| 630 00 - SUBJECT ADDED ENTRY--UNIFORM TITLE | |
| Uniform title | Bible |
| General subdivision | Prophecies. |
| 9 (RLIN) | 457 |
| 650 #0 - SUBJECT ADDED ENTRY--TOPICAL TERM | |
| Topical term or geographic name entry element | End of the world |
| General subdivision | Biblical teaching. |
| 9 (RLIN) | 2003 |
| 650 #0 - SUBJECT ADDED ENTRY--TOPICAL TERM | |
| Topical term or geographic name entry element | God |
| General subdivision | Mercy |
| -- | Biblical teaching. |
| 9 (RLIN) | 17484 |
| 942 ## - ADDED ENTRY ELEMENTS (KOHA) | |
| Source of classification or shelving scheme | Dewey Decimal Classification |
| Koha item type | Books |
| Withdrawn status | Lost status | Source of classification or shelving scheme | Damaged status | Not for loan | Home library | Current Library | Shelving location | Date acquired | Total checkouts | Full call number | Barcode | Date last seen | Copy number | Price effective from | Koha item type |
|---|---|---|---|---|---|---|---|---|---|---|---|---|---|---|---|
| Dewey Decimal Classification | GRACE BIBLE COLLEGE | GRACE BIBLE COLLEGE | Theology | 2024-02-29 | 231.745 LAH | 016534 | 2025-05-01 | c.1 | 2024-02-29 | Books |